[Event "Cornella de Llobregat op 7th"]
[Site "Cornella de Llobregat"]
[Date "2019.11.25"]
[Round "8"]
[White "Sagues Andreu, Xavier"]
[Black "Tebar Ramon, Juan Bosco"]
[Result "1-0"]
[WhiteElo "2011"]
[BlackElo "1891"]
[PlyCount "67"]
[EventDate "2019.10.07"]
[EventType "swiss"]
[EventRounds "9"]
[EventCountry "ESP"]
[SourceTitle "CBM 193 Extra"]
[Source "ChessBase"]
[SourceDate "2020.01.31"]
[SourceVersion "1"]
[SourceVersionDate "2020.01.31"]
[SourceQuality "1"]

1. d4 Nf6 2. Bg5 e6 3. Nd2 d5 4. Ngf3 Nbd7 5. e3 Be7 6. Bd3 Ne4 7. Bxe7 Qxe7 8. Nxe4 dxe4 9. Bxe4 Qb4+ 10. Qd2 Qxb2 11. 0-0 Nf6 12. Bd3 0-0 13. a4 Qb6 14. Rab1 Qc6 15. Rb3 a6 16. a5 Qd5 17. Re1 Ne4 18. Qe2 f5 19. Ra1 c5 20. Bc4 Qd8 21. Rb6 Re8 22. dxc5 Nxc5 23. Nd4 Qf6 24. Qf3 Kh8 25. Qg3 Bd7 26. Rab1 Ne4 27. Qc7 Nd2 28. Qxd7 Nxc4 29. Rxb7 Rad8 30. Qa4 Rc8 31. Rc7 Nd2 32. Rbb7 Rb8 33. Qd7 Qg6 34. Rxb8 1-0

[Event "Barcelona Sants op-A18th"]
[Site "Barcelona"]
[Date "2016.08.19"]
[Round "1"]
[White "Aguero Jimenez, Luis Lazaro"]
[Black "Sagues Andreu, Xavier"]
[Result "1-0"]
[WhiteElo "2388"]
[BlackElo "2045"]
[PlyCount "79"]
[EventDate "2016.08.19"]
[EventType "swiss"]
[EventRounds "10"]
[EventCountry "ESP"]
[SourceTitle "CBM 174 Extra"]
[Source "ChessBase"]
[SourceDate "2016.10.10"]
[SourceVersion "1"]
[SourceVersionDate "2016.10.10"]
[SourceQuality "1"]

1. Nf3 c5 2. c4 b6 3. g3 Bb7 4. Bg2 Nf6 5. Nc3 g6 6. 0-0 Bg7 7. Re1 d6 8. e4 Nc6 9. d3 0-0 10. h3 e5 11. Nh2 Nd4 12. Bg5 h6 13. Be3 Kh7 14. Qd2 Rb8 15. g4 Ng8 16. Nd5 Bxd5 17. cxd5 g5 18. h4 f6 19. h5 Rf7 20. Bf3 Rc7 21. Rec1 Rbc8 22. Bd1 Qd7 23. Nf1 Ne7 24. Ng3 a5 25. Kg2 Qb5 26. Rab1 Qb4 27. Nf1 Qb5 28. a4 Qa6 29. Rc3 b5 30. axb5 Qxb5 31. Ra3 Ra7 32. Rba1 Rca8 33. Qc1 Rb8 34. Nd2 Nc8 35. Nc4 Rba8 36. Ba4 Qb4 37. Bxd4 cxd4 38. Rb3 Qc5 39. Bc6 a4 40. Rb5 1-0

[Event "Cornella Pinol Memorial 2nd"]
[Site "Cornella de Llobregat"]
[Date "2014.11.03"]
[Round "6"]
[White "Garcia Riera, Josep"]
[Black "Sagues Andreu, Xavier"]
[Result "1-0"]
[WhiteElo "2080"]
[BlackElo "2216"]
[PlyCount "75"]
[EventDate "2014.09.29"]
[EventType "swiss"]
[EventRounds "9"]
[EventCountry "ESP"]
[SourceTitle "EXT 2016"]
[Source "ChessBase"]
[SourceDate "2015.10.08"]
[SourceVersion "1"]
[SourceVersionDate "2015.10.08"]
[SourceQuality "1"]

1. d4 Nf6 2. c4 c5 3. d5 e6 4. Nc3 exd5 5. cxd5 d6 6. e4 g6 7. Nf3 Bg7 8. Be2 0-0 9. 0-0 Re8 10. Nd2 Na6 11. f3 Nc7 12. a4 b6 13. Nc4 Ba6 14. Bg5 Qd7 15. Qd2 Bxc4 16. Bxc4 a6 17. Qd3 Nh5 18. Be3 f5 19. Rab1 Be5 20. Bf2 b5 21. axb5 Nf4 22. Qd2 axb5 23. Bb3 c4 24. Bc2 b4 25. Ne2 c3 26. bxc3 Nxe2+ 27. Qxe2 Bxc3 28. Qc4 Rec8 29. Qc6 Qxc6 30. dxc6 Nb5 31. exf5 Na3 32. Bb3+ Kg7 33. Rbd1 Ra6 34. fxg6 hxg6 35. Rxd6 Raxc6 36. Rd7+ Kh8 37. Re1 Bxe1 38. Bd4+ 1-0

[Event "Cornella Pinol Memorial 2nd"]
[Site "Cornella de Llobregat"]
[Date "2014.10.13"]
[Round "3"]
[White "Sanglas Clariana, Josep"]
[Black "Sagues Andreu, Xavier"]
[Result "1-0"]
[WhiteElo "2323"]
[BlackElo "2216"]
[PlyCount "91"]
[EventDate "2014.09.29"]
[EventType "swiss"]
[EventRounds "9"]
[EventCountry "ESP"]
[SourceTitle "EXT 2016"]
[Source "ChessBase"]
[SourceDate "2015.10.08"]
[SourceVersion "1"]
[SourceVersionDate "2015.10.08"]
[SourceQuality "1"]

1. e4 c5 2. c3 Nf6 3. e5 Nd5 4. d4 cxd4 5. Nf3 Nc6 6. Bc4 Nb6 7. Bb3 d5 8. exd6 Qxd6 9. 0-0 Be6 10. Na3 Bxb3 11. axb3 a6 12. Nxd4 Nxd4 13. Be3 Nf5 14. Qxd6 Nxd6 15. Bxb6 Rc8 16. b4 f6 17. Rfd1 e5 18. Rd5 Rc6 19. Bc5 Nf7 20. Bxf8 Rxf8 21. Rad1 Rc7 22. b5 axb5 23. Nxb5 Re7 24. Rc5 Rd7 25. Rxd7 Kxd7 26. Rc7+ Ke6 27. Rxb7 Rd8 28. g4 Ng5 29. f4 Nh3+ 30. Kf1 Nxf4 31. Rxg7 Rd1+ 32. Kf2 Rd2+ 33. Kf3 Rxb2 34. Nc7+ Kd6 35. Rxh7 Rb3 36. Ke4 Ne2 37. Kf5 Nxc3 38. Ne8+ Kc5 39. Nxf6 Kd4 40. Rd7+ Ke3 41. Kxe5 Rb5+ 42. Nd5+ Kf3 43. g5 Kg4 44. g6 Nxd5 45. Rxd5 Rb7 46. Ke6 1-0